La medicina (Record no. 173510)

MARC details
000 -LEADER
campo de control de longitud fija 00942namaa2200253 4500
001 - NÚMERO DE CONTROL
campo de control 173510
003 - IDENTIFICADOR DE NÚMERO DE CONTROL
campo de control ES-MaACL
005 - FECHA Y HORA DE LA ÚLTIMA TRANSACCIÓN
campo de control 20230906215247.0
008 - DATOS DE LONGITUD FIJA--INFORMACIÓN GENERAL
campo de control de longitud fija 091203s1983 sp |||| | spa d
020 ## - NÚMERO INTERNACIONAL ESTÁNDAR DEL LIBRO
Número Internacional Estándar del Libro 84-86003-35-0
040 ## - FUENTE DE CATALOGACIÓN
Centro catalogador/agencia de origen IBH
Lengua de catalogación spa
Centro/agencia transcriptor SpMaBN
Normas de descripción rdc
080 #0 - NÚMERO DE LA CLASIFICACIÓN DECIMAL UNIVERSAL
Número de la Clasificación Decimal Universal 61"19"(04)
100 1# - ENTRADA PRINCIPAL--NOMBRE DE PERSONA
Nombre de persona Barraquer Bordas, L.
9 (RLIN) 25855
245 13 - MENCIÓN DEL TÍTULO
Título La medicina
Resto del título : actualidad y reflexiones /
Mención de responsabilidad, etc. Ll. Barraquer-Bordas, con la colaboración de F.G. Valdecasas ... [et al.] ; introducción en forma de carta por Pedro Laín Entralgo.
260 0# - PUBLICACIÓN, DISTRIBUCIÓN, ETC.
Lugar de publicación, distribución, etc. Barcelona :
Nombre del editor, distribuidor, etc. Humanitas,
Fecha de publicación, distribución, etc. [1983]
300 ## - DESCRIPCIÓN FÍSICA
Extensión 310 p. ;
Dimensiones 21 cm.
490 1# - MENCIÓN DE SERIE
Mención de serie Biblioteca Humanitas. Serie El Saber
650 #4 - PUNTO DE ACCESO ADICIONAL DE MATERIA--TÉRMINO DE MATERIA
Término de materia o nombre geográfico como elemento de entrada Medicina-
Subdivisión cronológica S.XX.
9 (RLIN) 141714
700 1# - ENTRADA AGREGADA--NOMBRE PERSONAL
Nombre de persona Laín Entralgo, Pedro,
Fechas asociadas al nombre 1908-2001
9 (RLIN) 69681
700 0# - ENTRADA AGREGADA--NOMBRE PERSONAL
Nombre de persona Valdecasas, F.G.
9 (RLIN) 112482
830 0# - PUNTO DE ACCESO ADICIONAL DE SERIE-TÍTULO UNIFORME
Título uniforme Biblioteca Humanitas. Serie El Saber
9 (RLIN) 223557
852 1# - LOCALIZACIÓN
Ubicación BA
Número de control de estantería E-13234
Nota libre .- Donativo doctor Calles
Holdings
Estatus retirado Estado de pérdida Estado de daño No para préstamo Biblioteca de origen Biblioteca actual Ubicación en estantería Fecha de adquisición Fuente de adquisición Total de préstamos Signatura topográfica completa Código de barras Visto por última vez Precio de reemplazo Tipo de ítem Koha
        Biblioteca del Ateneo de Madrid Biblioteca del Ateneo de Madrid Depósito 2 03/12/2009     E-13234 1182089 23/02/2023 23/02/2023 Libro impreso